Roma republicana: Estrategias, expansión y dominios (525-31 a.C.)

Guardat en:
Dades bibliogràfiques
Autor principal: Buono-Core Varas, Raúl Andrés (autor)
Format: Llibre
Idioma:espanyol
Publicat: Valparaíso, Chile: Instituto de Historia; Universitarias de Valparaíso, 2002.
Col·lecció:Serie Monografías Históricas. 14.
Matèries:
Etiquetes: Afegir etiqueta
Sense etiquetes, Sigues el primer a etiquetar aquest registre!

MARC

LEADER 00000cam a2200000 a 4500
001 UCM4042
003 CL-VaPUC
005 20220822114350.0
008 020726e20020000CL |||||||||||||||||spa|d
999 |c 300956  |d 300954 
020 |a 956-17-0327-0 
040 |c Pontificia Universidad Católica de Valparaíso 
082 0 4 |a 937.02 BUO 2002  |2 21 
100 0 |a Buono-Core Varas, Raúl Andrés  |9 470561  |e autor 
245 1 0 |a Roma republicana:   |b Estrategias, expansión y dominios (525-31 a.C.) 
260 0 3 |a Valparaíso, Chile:  |b Instituto de Historia;  |b Universitarias de Valparaíso,  |c 2002. 
300 |a x, 344 páginas. 
490 0 |a Serie Monografías Históricas.  |v 14. 
500 |a c.15 Donación Familia Prof. Alejandro Guzmán Brito.  
583 |a last modification  |c 20130912 02:47:48  |k Rodrigo Vera 
650 0 |a Historia de Roma   |9 315349 
650 0 |a Historia antigua  |9 267521 
650 0 |a Colonización  |9 265172 
942 |c BK  |2 ddc  |n 0 
945 |d 20020726 00:00:00  |a cmena 
952 |0 0  |1 0  |2 ddc  |4 0  |6 937_020000000000000_BUO_2002  |7 0  |8 A  |9 359420  |a BIBHIS  |b BIBHIS  |d 2019-11-21  |i 3829081  |o 937.02 BUO 2002  |p 3829081  |r 2025-01-20  |t 2  |w 2019-11-21  |y BK  |k HIS 
952 |0 0  |1 0  |2 ddc  |4 0  |6 937_020000000000000_BUO_2002  |7 0  |8 A  |9 359421  |a BIBHIS  |b BIBHIS  |d 2019-11-21  |i 382909K  |o 937.02 BUO 2002  |p 382909K  |r 2025-01-20  |t 3  |w 2019-11-21  |y BK  |k HIS 
952 |0 0  |1 0  |2 ddc  |4 0  |6 937_020000000000000_BUO_2002  |7 0  |8 A  |9 359422  |a BIBHIS  |b BIBHIS  |d 2019-11-21  |i 3831663  |l 1  |o 937.02 BUO 2002  |p 3831663  |r 2025-01-20  |s 2023-04-25  |t 4  |w 2019-11-21  |y BK  |k HIS 
952 |0 0  |1 0  |2 ddc  |4 0  |6 937_020000000000000_BUO_2002  |7 0  |8 A  |9 359423  |a BIBHIS  |b BIBHIS  |d 2019-11-21  |i 3831671  |o 937.02 BUO 2002  |p 3831671  |r 2025-01-20  |t 5  |w 2019-11-21  |y BK  |k HIS 
952 |0 0  |1 0  |2 ddc  |4 0  |6 937_020000000000000_BUO_2002  |7 0  |8 A  |9 359424  |a BIBHIS  |b BIBHIS  |d 2019-11-21  |i 383168K  |o 937.02 BUO 2002  |p 383168K  |r 2025-01-20  |t 6  |w 2019-11-21  |y BK  |k HIS 
952 |0 0  |1 0  |2 ddc  |4 0  |6 937_020000000000000_BUO_2002  |7 0  |8 A  |9 359425  |a BIBHIS  |b BIBHIS  |d 2019-11-21  |i 3831698  |l 1  |o 937.02 BUO 2002  |p 3831698  |r 2025-01-20  |s 2022-11-15  |t 7  |w 2019-11-21  |y BK  |k HIS 
952 |0 0  |1 0  |2 ddc  |4 0  |6 937_020000000000000_BUO_2002  |7 0  |8 A  |9 359426  |a BIBHIS  |b BIBHIS  |d 2019-11-21  |i 3831701  |o 937.02 BUO 2002  |p 3831701  |r 2025-01-20  |t 8  |w 2019-11-21  |y BK  |k HIS 
952 |0 0  |1 0  |2 ddc  |4 0  |6 937_020000000000000_BUO_2002  |7 0  |8 A  |9 359427  |a BIBHIS  |b BIBHIS  |d 2019-11-21  |i 4439384  |o 937.02 BUO 2002  |p 4439384  |r 2025-01-20  |t 9  |w 2019-11-21  |y BK  |k HIS 
952 |0 0  |1 0  |2 ddc  |4 0  |6 937_020000000000000_BUO_2002  |7 0  |8 P  |9 359428  |a BIBDER  |b BIBDER  |d 2019-11-21  |i 3846989  |l 3  |m 1  |o 937.02 BUO 2002  |p 3846989  |r 2024-11-04  |s 2024-10-25  |t 1  |w 2019-11-21  |y BK  |k DER 
952 |0 0  |1 0  |2 ddc  |4 0  |6 937_020000000000000_BUO_2002  |7 0  |8 A  |9 359429  |a BIBTEO  |b BIBTEO  |d 2019-11-21  |i 4447719  |o 937.02 BUO 2002  |p 4447719  |r 2025-01-17  |t 11  |w 2019-11-21  |y BK  |k ICR 
952 |0 0  |1 0  |2 ddc  |4 0  |6 937_020000000000000_BUO_2002  |7 0  |8 X  |9 359430  |a FDOBUD  |b FDOBUD  |d 2019-11-21  |i 1083953  |o 937.02 BUO 2002  |p 1083953  |r 2019-11-21  |t 13  |w 2019-11-21  |y BK_X  |k FHP 
952 |0 0  |1 0  |2 ddc  |3 erb  |4 0  |6 937_020000000000000_BUO_2002  |7 0  |8 A  |9 359431  |a BIBHIS  |b BIBHIS  |i 5143977  |l 6  |m 1  |o 937.02 BUO 2002  |p 5143977  |r 2025-01-20  |s 2024-11-11  |t 10  |w 2019-11-21  |y BK  |z Catalogado en:20150402  |k HIS 
952 |0 0  |1 0  |2 ddc  |3 erb  |4 0  |6 937_020000000000000_BUO_2002  |7 0  |8 A  |9 359432  |a FDOHBE  |b BIBHIS  |e Huesbe Llanos, Marco Antonio, 1934-  |i 5305101  |l 1  |o 937.02 BUO 2002  |p 5305101  |r 2024-10-04  |s 2024-10-02  |t 12  |w 2019-11-21  |y BK  |z Catalogado en:20160520  |k HBE 
952 |0 0  |1 0  |2 ddc  |4 0  |6 937_020000000000000_BUO_2002  |7 0  |8 A  |9 439457  |a BIBHIS  |b BIBHIS  |d 2019-11-22  |i 4718593  |l 3  |m 2  |o 937.02 BUO 2002  |p 4718593  |r 2025-01-20  |s 2023-10-26  |t 1  |w 2019-11-22  |y BK  |k HIS 
952 |0 0  |1 0  |2 ddc  |4 0  |6 937_020000000000000_BUO_2002  |7 1  |8 C_AGB  |9 580504  |a BIBDER  |b BIBDER  |d 2022-01-12  |e Donación   |i 5638232   |l 3  |o 937.02 BUO 2002  |p 5638232  |r 2023-10-04  |s 2023-10-04  |t 15  |w 2022-01-12  |y BK_US  |k AGB